000 01131cam a2200325 a 4500
999 _c5094
_d5094
001 10272885
003 OCoLC
005 20200306163045.0
008 831130s1982 cau 000 0 eng
010 _a 82074300
020 _a0866050930 (pbk.)
020 _a9780866050937 (pbk.)
035 _a(OCoLC)10272885
_z(OCoLC)9169276
040 _aDLC
_cDLC
_dBAKER
_dBTCTA
_dITC
050 0 0 _aBL2747.8
_b.M4 1982
082 0 0 _a289
_219
_bM478H
092 _a239.7
_bM1386
100 1 _aMcDowell, Josh.
245 1 0 _aHandBook of Todays' religions: Understanding secular religions /
_cJosh McDowell, Don Stewart.
260 _aSan Bernardino, Calif. :
_bCampus Crusade for Christ :
_bHere's Life Publishers,
_cc1982.
300 _a140 p. ;
_c21 cm.
490 1 _aHandbook of today's religions / Josh McDowell
504 _aIncludes bibliographies.
505 0 0 _tAtheism, agnosticism, and skepticism --
_tMarxism --
_tSecular humanism --
_tExistentialism.
650 0 _aSecularism.
650 0 _aApologetics.
700 1 _aStewart, Don Douglas.
800 1 _aMcDowell, Josh.
_tHandbook of today's religions.
942 _2ddc
_cBK